<?xml version="1.0" encoding="UTF-8"?>
<record
    xmlns:xsi="http://www.w3.org/2001/XMLSchema-instance"
    xsi:schemaLocation="http://www.loc.gov/MARC21/slim http://www.loc.gov/standards/marcxml/schema/MARC21slim.xsd"
    xmlns="http://www.loc.gov/MARC21/slim">

  <leader>00782nam a2200229Ia 4500</leader>
  <controlfield tag="001">7008</controlfield>
  <controlfield tag="003">GE_BSU</controlfield>
  <controlfield tag="008">181216s||||||||xx |||||||||||||| ||und||</controlfield>
  <datafield tag="040" ind1=" " ind2=" ">
    <subfield code="c">GE_BSU</subfield>
  </datafield>
  <datafield tag="080" ind1=" " ind2=" ">
    <subfield code="a">625.7/.8(075.8)</subfield>
  </datafield>
  <datafield tag="100" ind1=" " ind2=" ">
    <subfield code="a">&#x411;&#x430;&#x431;&#x43A;&#x43E;&#x432;,&#x412;.&#x424;. &#x410;&#x43D;&#x434;&#x440;&#x435;&#x435;&#x432;,&#x41E;.&#x412;. &#x417;&#x430;&#x43C;&#x430;&#x445;&#x435;&#x432;,&#x41C;.&#x421;.</subfield>
  </datafield>
  <datafield tag="245" ind1=" " ind2=" ">
    <subfield code="a">&#x41F;&#x440;&#x43E;&#x435;&#x43A;&#x442;&#x438;&#x440;&#x43E;&#x432;&#x430;&#x43D;&#x438;&#x435; &#x430;&#x432;&#x442;&#x43E;&#x43C;&#x43E;&#x431;&#x438;&#x43B;&#x44C;&#x43D;&#x44B;&#x445; &#x434;&#x43E;&#x440;&#x43E;&#x433;.&#x427;&#x430;&#x441;&#x442;&#x44C; 2.</subfield>
  </datafield>
  <datafield tag="245" ind1=" " ind2=" ">
    <subfield code="b">&#x423;&#x447;&#x435;&#x431;&#x43D;&#x438;&#x43A;.</subfield>
  </datafield>
  <datafield tag="245" ind1=" " ind2=" ">
    <subfield code="c">&#x41F;&#x43E;&#x434;. &#x440;&#x435;&#x434;. &#x412;.&#x424;.&#x411;&#x430;&#x431;&#x43A;&#x43E;&#x432;&#x430;.</subfield>
  </datafield>
  <datafield tag="250" ind1=" " ind2=" ">
    <subfield code="a">&#x418;&#x437;&#x434; &#x442;&#x440;&#x435;&#x442;&#x44C;&#x435;, &#x43F;&#x435;&#x440;&#x435;&#x440;. &#x438; &#x434;&#x43E;&#x43F;&#x43E;&#x43B;.</subfield>
  </datafield>
  <datafield tag="260" ind1=" " ind2=" ">
    <subfield code="a">&#x41C;.</subfield>
  </datafield>
  <datafield tag="260" ind1=" " ind2=" ">
    <subfield code="b">&#x422;&#x440;&#x430;&#x43D;&#x441;&#x43F;&#x43E;&#x440;&#x442;.</subfield>
  </datafield>
  <datafield tag="260" ind1=" " ind2=" ">
    <subfield code="c">1970.</subfield>
  </datafield>
  <datafield tag="300" ind1=" " ind2=" ">
    <subfield code="a">315&#x441;&#x442;&#x440;.&#x441; &#x438;&#x438;&#x43B;. 22&#x441;&#x43C;. &#x431;&#x438;&#x431;&#x43B;&#x438;&#x43E;&#x433;&#x440;.:&#x441;&#x442;&#x440;.311.</subfield>
  </datafield>
  <datafield tag="653" ind1=" " ind2=" ">
    <subfield code="a">&#x41F;&#x440;&#x43E;&#x435;&#x43A;&#x442;&#x438;&#x440;&#x43E;&#x432;&#x430;&#x43D;&#x438;&#x435; &#x430;&#x432;&#x442;&#x43E;&#x43C;&#x43E;&#x431;&#x438;&#x43B;&#x44C;&#x43D;&#x44B;&#x445; &#x434;&#x43E;&#x440;&#x43E;&#x433;.</subfield>
  </datafield>
  <datafield tag="942" ind1=" " ind2=" ">
    <subfield code="c">BK</subfield>
  </datafield>
  <datafield tag="999" ind1=" " ind2=" ">
    <subfield code="c">40400</subfield>
    <subfield code="d">40400</subfield>
  </datafield>
  <datafield tag="952" ind1=" " ind2=" ">
    <subfield code="0">0</subfield>
    <subfield code="1">0</subfield>
    <subfield code="4">0</subfield>
    <subfield code="7">0</subfield>
    <subfield code="9">45045</subfield>
    <subfield code="d">2018-12-17</subfield>
    <subfield code="p">11734</subfield>
    <subfield code="r">2018-12-17</subfield>
    <subfield code="w">2018-12-17</subfield>
    <subfield code="y">BK</subfield>
  </datafield>
  <datafield tag="952" ind1=" " ind2=" ">
    <subfield code="0">0</subfield>
    <subfield code="1">0</subfield>
    <subfield code="4">0</subfield>
    <subfield code="7">0</subfield>
    <subfield code="9">45046</subfield>
    <subfield code="d">2018-12-17</subfield>
    <subfield code="p">11735</subfield>
    <subfield code="r">2018-12-17</subfield>
    <subfield code="w">2018-12-17</subfield>
    <subfield code="y">BK</subfield>
  </datafield>
  <datafield tag="952" ind1=" " ind2=" ">
    <subfield code="0">0</subfield>
    <subfield code="1">0</subfield>
    <subfield code="4">0</subfield>
    <subfield code="7">0</subfield>
    <subfield code="9">45047</subfield>
    <subfield code="d">2018-12-17</subfield>
    <subfield code="p">11736</subfield>
    <subfield code="r">2018-12-17</subfield>
    <subfield code="w">2018-12-17</subfield>
    <subfield code="y">BK</subfield>
  </datafield>
</record>
